Miasta na prawach powiatu - II RP - Statystyki

Ogólne statystyki
  • Ten quiz został rozwiązany 52 razy
  • Średni wynik to 15 z 18
Statystyki odpowiedzi
Województwo Szacunkowa liczba mieszkańców (1939 r.) Odpowiedź % Poprawnych
Krakowskie 259 000 Kraków
98%
Łódzkie 672 000 Łódź
98%
Lwowskie 340 000 Lwów
98%
Poznańskie 274 115 Poznań
98%
Białostockie 107 000 Białystok
96%
Pomorskie 127 000 Gdynia
96%
Lubelskie 125 019 Lublin
96%
Wileńskie 209 400 Wilno
96%
Śląskie 134 329 Katowice
94%
do 1938 r. Poznańskie, 1938-1939 Pomorskie 143 000 Bydgoszcz
92%
Pomorskie 80 000 Toruń
90%
Kieleckie 137 623 Częstochowa
82%
Poznańskie 34 000 Gniezno
74%
Kieleckie 95 590 Radom
72%
Kieleckie 129 610 Sosnowiec
72%
Pomorskie 64 000 Grudziądz
66%
Śląskie 110 000 Chorzów
62%
do 1938 r. Poznańskie, 1938-1939 Pomorskie 41 000 Inowrocław
60%
Nie znaleziono quizów pasujących do podanych kryteriów
Rozkład punktacji
Procent ludzi z każdym wynikiem
Percentyl według liczby udzielonych odpowiedzi
Twoja historia wyników
Nie rozwiązałeś tego quizu